[Event "Lichtenrader Herbst"]
[Site "?"]
[Date "2005.10.04"]
[Round "4"]
[White "Zschaebitz, Klaus"]
[Black "Lueders, Gerhard"]
[Result "0-1"]
[WhiteElo "2092"]
[BlackElo "2229"]
[PlyCount "77"]
[EventDate "2005.??.??"]

1. d4 f5 2. Bg5 h6 3. Bh4 g5 4. e3 Nf6 5. Bg3 d6 6. h4 g4 7. Nc3 Bg7 8. Bd3 O-O
9. Nge2 Nh5 10. f3 gxf3 11. gxf3 Nd7 12. Qd2 e5 13. O-O-O f4 14. Bf2 exd4 15.
exd4 c6 16. Bg6 Ndf6 17. d5 c5 18. Rhg1 b5 19. Nxf4 Nxf4 20. Qxf4 Nxd5 21. Qg3
Be5 22. Qg2 Nf4 23. Qf1 Nxg6 24. Rxg6+ Kh7 25. h5 Bf5 26. Qg1 Rg8 27. Rxg8 Qxg8
28. Qxg8+ Rxg8 29. Nxb5 Bf4+ 30. Kb1 Rg2 31. Rf1 Rh2 32. Nc3 Bh3 33. Bg1 Bxf1
34. Bxh2 Bxh2 35. Kc1 Bg2 36. Kd2 Bxf3 37. Ke3 Bxh5 38. Nb5 a5 39. c4 0-1

[Event "Lichtenrader Herbst"]
[Site "?"]
[Date "2005.10.04"]
[Round "4"]
[White "Fruebing, Thomas"]
[Black "Salzberg, Gregor"]
[Result "0-1"]
[WhiteElo "2211"]
[BlackElo "2101"]
[PlyCount "148"]
[EventDate "2005.??.??"]

1. e4 e6 2. d4 d5 3. e5 c5 4. c3 Nc6 5. Nf3 Nge7 6. Be3 Nf5 7. Bd3 cxd4 8. cxd4
Nxe3 9. fxe3 Bd7 10. O-O Nb4 11. Be2 Rc8 12. Nc3 Be7 13. a3 Nc6 14. Bd3 O-O 15.
Qc2 h6 16. Qf2 f5 17. exf6 Bxf6 18. Qg3 Be8 19. Nb5 Be7 20. Rac1 a6 21. Nc3 Qd6
22. Qg4 Rf6 23. e4 Nxd4 24. Nxd4 dxe4 25. Rxf6 Bxf6 26. Nxe6 exd3 27. Rf1 h5
28. Qf5 Bd7 29. Ne4 Qxe6 30. Nxf6+ Qxf6 31. Qxd7 Rd8 32. Qxb7 Qd4+ 33. Kh1 Kh7
34. Qf3 g6 35. Qf7+ Kh6 36. Qe7 d2 37. Rd1 Qd3 38. h4 Rd7 39. Qf8+ Kh7 40. Qe8
Qd4 41. Qe2 Qxh4+ 42. Kg1 Qd4+ 43. Kh1 Qxb2 44. Qxa6 Qe5 45. Qf1 Qe3 46. Qf3
Qe1+ 47. Kh2 Qh4+ 48. Qh3 Qd4 49. Qf3 Re7 50. g3 Kg7 51. Rf1 Kh7 52. Rd1 Re1
53. Qf7+ Kh6 54. Qf8+ Kg5 55. Qf4+ Qxf4 56. gxf4+ Kxf4 57. Rxd2 Ra1 58. Rf2+
Kg5 59. Rf3 h4 60. Rb3 Kh5 61. Rc3 g5 62. Rb3 Ra2+ 63. Kg1 Rc2 64. Rd3 Rc4 65.
Rb3 Kg4 66. Kh2 Rc2+ 67. Kg1 h3 68. a4 Kh4 69. Rd3 Re2 70. Rd4+ Kg3 71. Rd1 h2+
72. Kh1 Kh3 73. Rb1 g4 74. Rb3+ g3 0-1

[Event "Lichtenrader Herbst"]
[Site "?"]
[Date "2005.10.04"]
[Round "4"]
[White "Chaumont, Adeline"]
[Black "Haemmerlein, Thomas"]
[Result "0-1"]
[WhiteElo "2035"]
[BlackElo "2193"]
[PlyCount "52"]
[EventDate "2005.??.??"]

1. d4 g6 2. c4 f5 3. Nc3 Nf6 4. Nf3 Bg7 5. Qc2 d6 6. e3 O-O 7. Bd3 Nc6 8. d5
Nb4 9. Qe2 e5 10. Bb1 a5 11. O-O Na6 12. b3 Nh5 13. Bb2 Qe7 14. a3 f4 15. b4
Bg4 16. b5 Nc5 17. Ne4 Nxe4 18. Bxe4 Nf6 19. exf4 Nxe4 20. Qxe4 Rxf4 21. Qe3
Bxf3 22. gxf3 Raf8 23. Kh1 Rxf3 24. Qe2 Qh4 25. Kg2 Qh3+ 26. Kh1 R8f5 0-1

[Event "Lichtenrader Herbst"]
[Site "?"]
[Date "2005.10.04"]
[Round "4"]
[White "Issel, Oliver"]
[Black "Decker, Nils"]
[Result "1-0"]
[WhiteElo "2171"]
[BlackElo "2031"]
[PlyCount "45"]
[EventDate "2005.??.??"]

1. d4 Nf6 2. Nf3 e6 3. e3 b6 4. Bd3 Bb7 5. O-O c5 6. c4 Ne4 7. Nfd2 f5 8. Bxe4
fxe4 9. Qh5+ g6 10. Qe5 Rg8 11. Nxe4 Nc6 12. Qf4 Be7 13. dxc5 Rf8 14. Qg3 Nb4
15. Nbc3 bxc5 16. Nd6+ Bxd6 17. Qxd6 Qh4 18. e4 Rc8 19. Be3 Qe7 20. Nb5 Bxe4
21. Qe5 Bf5 22. Nd6+ Kd8 23. Nxc8 1-0

[Event "Lichtenrader Herbst"]
[Site "?"]
[Date "2005.10.04"]
[Round "4"]
[White "Jaeschke, Jens-Uwe"]
[Black "Bubolz, Konstantin"]
[Result "1-0"]
[WhiteElo "2164"]
[BlackElo "2019"]
[PlyCount "119"]
[EventDate "2005.??.??"]

1. c4 c5 2. Nf3 Nc6 3. Nc3 g6 4. g3 Bg7 5. Bg2 e6 6. O-O Nge7 7. d4 cxd4 8. Nb5
O-O 9. Nbxd4 d5 10. cxd5 exd5 11. Be3 Re8 12. Rc1 Bg4 13. Qd2 Qd7 14. Rfd1 Rac8
15. b4 a6 16. Nb3 Nf5 17. Bc5 Bh6 18. e3 d4 19. Qb2 Bxf3 20. Bxf3 Ne5 21. Bg2
d3 22. f4 Ng4 23. e4 Nfe3 24. Re1 Nxg2 25. Qxg2 Bg7 26. e5 f6 27. h3 Nh6 28.
exf6 Bxf6 29. g4 Nf7 30. Rxe8+ Rxe8 31. Rd1 g5 32. Qf3 Qc6 33. Qxc6 bxc6 34.
Rxd3 gxf4 35. Bf2 Re2 36. Rd2 Rxd2 37. Nxd2 Bc3 38. Ne4 Bxb4 39. Kg2 Nd6 40.
Kf3 Nxe4 41. Kxe4 Bd6 42. Be1 Kf7 43. Bd2 Ke6 44. Bxf4 Bxf4 45. Kxf4 Kd5 46.
Ke3 Ke5 47. a4 c5 48. a5 c4 49. g5 Kd5 50. Kd2 Kd4 51. Kc2 Ke4 52. Kc3 Kf4 53.
Kxc4 Kxg5 54. Kc5 Kh4 55. Kb6 Kxh3 56. Kxa6 h5 57. Kb6 h4 58. a6 Kg3 59. a7 h3
60. a8=Q 1-0

[Event "Lichtenrader Herbst"]
[Site "?"]
[Date "2005.10.04"]
[Round "4"]
[White "Gremm, Albert Juergen"]
[Black "Welz, Peter"]
[Result "0-1"]
[WhiteElo "1972"]
[BlackElo "2164"]
[PlyCount "72"]
[EventDate "2005.??.??"]

1. d4 f5 2. h3 d5 3. g4 fxg4 4. hxg4 Bxg4 5. Qd3 Nf6 6. Bg5 Qd7 7. Nf3 Nc6 8.
Ne5 Nxe5 9. dxe5 Ne4 10. Bh4 g5 11. Qd4 gxh4 12. e6 Qc6 13. f3 Ng3 14. Rxh4 Nf5
15. Qxh8 Nxh4 16. fxg4 Qxe6 17. Nc3 Nf3+ 18. Kf2 Ne5 19. Bh3 O-O-O 20. Qxh7
Qb6+ 21. Kg3 Qxb2 22. Qf5+ Nd7 23. Rf1 Qxc3+ 24. Kg2 Qe5 25. Qf7 Qxe2+ 26. Rf2
Qe4+ 27. Kg1 e6 28. g5 Bc5 29. Bxe6 Qe1+ 30. Kg2 Qxf2+ 31. Qxf2 Bxf2 32. Kxf2
Rf8+ 33. Kg3 d4 34. Kg4 Kd8 35. g6 Ne5+ 36. Kg5 Nxg6 0-1

[Event "Lichtenrader Herbst"]
[Site "?"]
[Date "2005.10.04"]
[Round "4"]
[White "Sondermann, Johannes"]
[Black "Friedrich, Wiede"]
[Result "0-1"]
[WhiteElo "2164"]
[BlackElo "1967"]
[PlyCount "68"]
[EventDate "2005.??.??"]

1. e4 d6 2. d4 g6 3. c4 Bg7 4. Nc3 Nf6 5. f4 O-O 6. Nf3 c6 7. e5 Ne8 8. Be2 Bg4
9. h3 Bxf3 10. Bxf3 Nc7 11. Be3 Nd7 12. exd6 exd6 13. Qd2 Nb6 14. b3 Qh4+ 15.
Bf2 Rfe8+ 16. Be2 Qf6 17. O-O-O a5 18. g4 a4 19. g5 Qe6 20. Bg4 Qe7 21. Kb1
axb3 22. axb3 Ne6 23. d5 Nc5 24. Rhe1 Qd8 25. Rxe8+ Qxe8 26. Bxc5 dxc5 27. d6
Bd4 28. Re1 Qd8 29. Re7 Qxd6 30. Rxb7 Nxc4 31. bxc4 Ra3 32. Na2 Qd8 33. Rb2 Qa8
34. Rc2 Qb8+ 0-1

[Event "Lichtenrader Herbst"]
[Site "?"]
[Date "2005.10.04"]
[Round "4"]
[White "Jenull, Marco"]
[Black "Knopf, Roland"]
[Result "1-0"]
[WhiteElo "2156"]
[BlackElo "1957"]
[PlyCount "45"]
[EventDate "2005.??.??"]

1. e4 g6 2. d4 Bg7 3. Nf3 d6 4. Be2 Nf6 5. Nc3 O-O 6. O-O c6 7. a4 Bg4 8. Be3
Nbd7 9. h3 Bxf3 10. Bxf3 e5 11. dxe5 Nxe5 12. Be2 Qe7 13. Qd2 Rfd8 14. Rad1 Qe6
15. Rfe1 Nc4 16. Bxc4 Qxc4 17. e5 Nd5 18. Nxd5 cxd5 19. Bg5 Re8 20. exd6 Rxe1+
21. Rxe1 Bxb2 22. d7 Qxa4 23. d8=R+ 1-0

[Event "Lichtenrader Herbst"]
[Site "?"]
[Date "2005.10.04"]
[Round "4"]
[White "Koerner, Helmut"]
[Black "Poppner, Dietmar"]
[Result "1/2-1/2"]
[WhiteElo "1965"]
[BlackElo "2156"]
[PlyCount "119"]
[EventDate "2005.??.??"]

1. b4 d5 2. Bb2 Qd6 3. a3 e5 4. e3 Be6 5. Nf3 f6 6. d4 e4 7. Nfd2 c6 8. c4 Nd7
9. Nc3 f5 10. cxd5 Bxd5 11. Nc4 Qe6 12. Nxd5 cxd5 13. Na5 b6 14. Nb3 Bd6 15.
Rc1 Ne7 16. g3 O-O 17. Ba6 Rad8 18. Qd2 Nb8 19. Be2 Rc8 20. O-O Rxc1 21. Rxc1
g5 22. f4 gxf4 23. gxf4 Rf7 24. Kh1 Rg7 25. Rg1 Rxg1+ 26. Kxg1 Qg6+ 27. Kh1 Nd7
28. Qe1 Nf6 29. Bc1 Kf8 30. b5 Qh6 31. a4 Ng6 32. Na1 Ng4 33. Qg1 Qh4 34. Bxg4
fxg4 35. Qg3 Qxg3 36. hxg3 Ne7 37. Nc2 Nf5 38. Kg2 Ke8 39. Bd2 Kd7 40. Kf2 h5
41. Be1 Be7 42. Ke2 Kc8 43. Kf1 Kb7 44. Kf2 a5 45. bxa6+ Kxa6 46. Bb4 b5 47.
axb5+ Kxb5 48. Bxe7 Nxe7 49. Ne1 Kc6 50. Ng2 Kd6 51. Nh4 Ke6 52. Ke2 Kf6 53.
Kf2 Nc6 54. Ng2 Nb4 55. Ke2 Nd3 56. Nh4 Nb2 57. Ng2 Nc4 58. Nh4 Nd6 59. Kf2 Nc4
60. Ke2 1/2-1/2

[Event "Lichtenrader Herbst"]
[Site "?"]
[Date "2005.10.04"]
[Round "4"]
[White "Hannebauer, Torsten"]
[Black "Ziabari, Morteza"]
[Result "1-0"]
[WhiteElo "2154"]
[BlackElo "1943"]
[PlyCount "39"]
[EventDate "2005.??.??"]

1. e4 e5 2. Nf3 Nc6 3. Nc3 Bc5 4. Bb5 Nf6 5. O-O d6 6. d4 exd4 7. Nxd4 Bd7 8.
Nb3 Bb6 9. Bg5 h6 10. Bxf6 Qxf6 11. Nd5 Qxb2 12. a4 a6 13. a5 axb5 14. axb6
Rxa1 15. Nxc7+ Kd8 16. Nxa1 Qe5 17. Nb3 Be6 18. f4 Qxe4 19. Qxd6+ Kc8 20. Nd5
1-0

[Event "Lichtenrader Herbst"]
[Site "?"]
[Date "2005.10.04"]
[Round "4"]
[White "Schmarr, Dennis"]
[Black "Jaeger, Andre"]
[Result "1/2-1/2"]
[WhiteElo "1952"]
[BlackElo "2153"]
[PlyCount "106"]
[EventDate "2005.??.??"]

1. c4 Nf6 2. Nc3 d6 3. Nf3 g6 4. g3 Bg7 5. Bg2 O-O 6. O-O c6 7. d3 e5 8. Rb1 h6
9. b4 Nh5 10. b5 f5 11. bxc6 bxc6 12. Qb3 Na6 13. Ba3 Rb8 14. Qc2 Qf6 15. Rxb8
Nxb8 16. Bb2 Be6 17. Rb1 Rc8 18. Qa4 Qf7 19. Qa3 Qc7 20. Qb3 Nd7 21. Na4 Rb8
22. Qc2 Qa5 23. Nd2 Qc7 24. Bc3 Rxb1+ 25. Qxb1 Nhf6 26. Qb2 Nb6 27. Nxb6 axb6
28. a4 Nd7 29. Qa3 Bf8 30. a5 d5 31. axb6 Qxb6 32. Qa5 Bc5 33. Qxb6 Bxb6 34.
cxd5 cxd5 35. Nf3 d4 36. Bb4 Kf7 37. Bd6 Kf6 38. Nd2 Ba5 39. Nc4 Bxc4 40. dxc4
Bb6 41. Bd5 Bc5 42. Bc6 Bxd6 43. Bxd7 e4 44. Bc6 g5 45. f3 Ke5 46. Kf2 Bc5 47.
Ke1 Bb4+ 48. Kf2 d3 49. exd3 exd3 50. Ke3 d2 51. Ba4 f4+ 52. gxf4+ gxf4+ 53.
Kd3 h5 1/2-1/2

[Event "Lichtenrader Herbst"]
[Site "?"]
[Date "2005.10.05"]
[Round "5"]
[White "Rabiega, Robert"]
[Black "Giemsa, Stephan"]
[Result "1-0"]
[WhiteElo "2501"]
[BlackElo "2306"]
[PlyCount "37"]
[EventDate "2005.??.??"]

1. e4 e6 2. d3 d5 3. Qe2 dxe4 4. dxe4 b6 5. Nd2 Ba6 6. Nc4 Nc6 7. Nf3 Nf6 8. c3
Be7 9. Qc2 Bb7 10. Bf4 Nd7 11. Rd1 Qc8 12. Be2 Bf6 13. O-O Ne7 14. Bg3 Ng6 15.
h4 h5 16. b4 e5 17. Ne3 Ne7 18. Rd2 O-O 19. Rfd1 1-0

[Event "Lichtenrader Herbst"]
[Site "?"]
[Date "2005.10.05"]
[Round "5"]
[White "Mikhaletz, Lubomir"]
[Black "Meister, Yakov"]
[Result "1-0"]
[WhiteElo "2451"]
[BlackElo "2490"]
[PlyCount "71"]
[EventDate "2005.??.??"]

1. e4 c5 2. Nf3 d6 3. d4 cxd4 4. Nxd4 Nf6 5. Nc3 a6 6. Be3 e6 7. g4 b5 8. g5
Nfd7 9. Bg2 Bb7 10. O-O Qc7 11. f4 b4 12. Nce2 e5 13. Nf5 g6 14. Nh6 Bxh6 15.
gxh6 Nc6 16. Qd2 Nc5 17. fxe5 O-O-O 18. Bg5 dxe5 19. Bxd8 Rxd8 20. Qe3 Ne6 21.
c3 Kb8 22. Rad1 Rxd1 23. Rxd1 f5 24. Qd2 Qb6+ 25. Kh1 Nc5 26. Qd6+ Ka7 27. exf5
gxf5 28. cxb4 Nxb4 29. Qxb6+ Kxb6 30. Bxb7 Kxb7 31. Rg1 f4 32. Rg7+ Kc6 33.
Rxh7 f3 34. Ng3 e4 35. Rf7 Nbd3 36. h7 1-0

[Event "Lichtenrader Herbst"]
[Site "?"]
[Date "2005.10.05"]
[Round "5"]
[White "Teschke, Olaf"]
[Black "Stippekohl, Peter"]
[Result "1-0"]
[WhiteElo "2236"]
[BlackElo "2166"]
[PlyCount "83"]
[EventDate "2005.??.??"]

1. e4 Nf6 2. Nc3 d5 3. e5 Ne4 4. Nce2 f6 5. d3 Ng5 6. Bxg5 fxg5 7. h4 gxh4 8.
Nf4 e6 9. Qh5+ Kd7 10. Ng6 Qe8 11. Nxf8+ Qxf8 12. Rxh4 c5 13. Nh3 g6 14. Qg5
Qe7 15. Qh6 Nc6 16. O-O-O Kc7 17. Rf4 Bd7 18. Re1 Raf8 19. Rxf8 Qxf8 20. Qxf8
Rxf8 21. f4 h6 22. Be2 g5 23. fxg5 hxg5 24. Bg4 Nd8 25. c3 d4 26. cxd4 cxd4 27.
Re4 Bc6 28. Rxd4 Bxg2 29. Nxg5 Bd5 30. Ra4 Rg8 31. Nh7 Bc6 32. Rf4 Rg7 33. Nf6
Rg6 34. d4 Rh6 35. Bh5 Bd7 36. Rg4 Bc8 37. Rg7+ Kb8 38. Kd2 Nc6 39. Kc3 Rh8 40.
Rg8 Rxg8 41. Nxg8 Ne7 42. Nxe7 1-0

[Event "Lichtenrader Herbst"]
[Site "?"]
[Date "2005.10.05"]
[Round "5"]
[White "Hohn, August"]
[Black "Reichenbach, Werner"]
[Result "1/2-1/2"]
[WhiteElo "2115"]
[BlackElo "2310"]
[PlyCount "141"]
[EventDate "2005.??.??"]

1. c4 e5 2. Nc3 d6 3. g3 g6 4. d4 Nc6 5. dxe5 Nxe5 6. Bg2 Bg7 7. Nf3 Nxf3+ 8.
Bxf3 Ne7 9. O-O O-O 10. Qd2 Nc6 11. Bg2 Re8 12. Re1 Bg4 13. b3 Rb8 14. Bb2 Be6
15. Ne4 f6 16. Rad1 Qe7 17. Nc3 Bf7 18. Bd5 Ne5 19. Kg2 c6 20. Bxf7+ Nxf7 21.
f3 Rbd8 22. e4 a6 23. a4 Qc7 24. Ne2 Re7 25. Qc3 Rde8 26. Nf4 Ng5 27. Qd2 Nf7
28. Qc3 Ne5 29. Qd4 Nf7 30. Qc3 Qb6 31. a5 Qc7 32. c5 dxc5 33. Qxc5 Ne5 34. Re2
Bf8 35. Qc3 Rd7 36. Rxd7 Qxd7 37. Rd2 Qf7 38. Ne2 Bg7 39. f4 Nd7 40. Kf3 h5 41.
Qc4 Qxc4 42. bxc4 Nc5 43. Ba3 Nxe4 44. Rd7 f5 45. Rxb7 Nd2+ 46. Kf2 Nxc4 47.
Bb4 Ne3 48. h3 Nd5 49. Bc5 Re4 50. Rb8+ Kh7 51. Rb7 Kh6 52. Ra7 Rc4 53. Bd6 Nf6
54. Be7 Ne4+ 55. Ke3 c5 56. g4 hxg4 57. hxg4 fxg4 58. Rxa6 Kh7 59. Re6 Nc3 60.
Kd3 Ra4 61. Nxc3 Rxa5 62. Ne4 g3 63. Bxc5 g2 64. Bg1 Ra1 65. Ng5+ Kh6 66. Nf3
Kh5 67. Re1 Rxe1 68. Nxe1 Kg4 69. Ke4 Bh6 70. Nxg2 Kg3 71. Nh4 1/2-1/2

[Event "Lichtenrader Herbst"]
[Site "?"]
[Date "2005.10.05"]
[Round "5"]
[White "Salzberg, Gregor"]
[Black "Bartolomaeus, Christian"]
[Result "1-0"]
[WhiteElo "2101"]
[BlackElo "2232"]
[PlyCount "49"]
[EventDate "2005.??.??"]

1. c4 e5 2. Nc3 Nf6 3. g3 d5 4. cxd5 Nxd5 5. Bg2 Nb6 6. Nf3 Nc6 7. O-O Be7 8.
d3 g5 9. d4 exd4 10. Nb5 Bf6 11. e3 d3 12. Nfd4 Nxd4 13. exd4 c6 14. Re1+ Kf8
15. Nc3 Bxd4 16. Ne4 h6 17. Qxd3 f5 18. Be3 fxe4 19. Qxd4 Qxd4 20. Bxd4 Rh7 21.
Bxe4 Rd7 22. Rad1 Kf7 23. Bf3 Nd5 24. Bh5+ Kg8 25. Re8+ 1-0

[Event "Lichtenrader Herbst"]
[Site "?"]
[Date "2005.10.05"]
[Round "5"]
[White "Lueders, Gerhard"]
[Black "Jenull, Marco"]
[Result "1/2-1/2"]
[WhiteElo "2229"]
[BlackElo "2156"]
[PlyCount "102"]
[EventDate "2005.??.??"]

1. d4 d5 2. c4 e6 3. Nc3 c6 4. e4 dxe4 5. Nxe4 Bb4+ 6. Bd2 Qxd4 7. Bxb4 Qxe4+
8. Be2 Qxg2 9. Bf3 Qg5 10. Ne2 Nd7 11. Rg1 Qh4 12. Qd6 Qe7 13. Rxg7 Qxd6 14.
Bxd6 Ne7 15. Ng3 b6 16. O-O-O a5 17. Bxe7 Kxe7 18. Bxc6 Ra7 19. Be4 Rc7 20. b3
b5 21. Rd2 bxc4 22. Rc2 Ba6 23. bxc4 h6 24. Bg6 Ne5 25. Be4 Rxc4 26. f4 Kf8 27.
Nh5 Rxe4 28. fxe5 Rc4 29. Rgg2 Rg8 30. Rxc4 Bxc4 31. Rc2 Rg4 32. Nf6 Rd4 33.
Rg2 Ke7 34. Rb2 Ba6 35. Rb6 Bc8 36. Rb8 Rc4+ 37. Kd2 Kd8 38. Ra8 Rc5 39. Ng4 h5
40. Nh6 Ke8 41. Ra7 Rxe5 42. Nxf7 Rd5+ 43. Ke3 Rd7 44. Rxd7 Bxd7 45. Ne5 Ke7
46. h4 Be8 47. a3 Kf6 48. Nc4 a4 49. Kf4 Bb5 50. Ne5 Ke7 51. Ke3 Kf6 1/2-1/2

[Event "Lichtenrader Herbst"]
[Site "?"]
[Date "2005.10.05"]
[Round "5"]
[White "Haemmerlein, Thomas"]
[Black "Hannebauer, Torsten"]
[Result "1-0"]
[WhiteElo "2193"]
[BlackElo "2154"]
[PlyCount "87"]
[EventDate "2005.??.??"]

1. g3 g6 2. Bg2 Bg7 3. e4 d6 4. Ne2 e5 5. d4 Nc6 6. Be3 Nf6 7. h3 O-O 8. Nbc3
Re8 9. O-O Bd7 10. Kh2 a6 11. Qd2 exd4 12. Nxd4 Nxd4 13. Bxd4 Bc6 14. Rae1 Nd7
15. f4 Bxd4 16. Qxd4 Qe7 17. Re2 Rad8 18. Rfe1 Qf6 19. Qd2 Qg7 20. b3 h5 21.
Nd1 h4 22. g4 g5 23. Rf1 Nc5 24. Nf2 Ne6 25. Nd3 d5 26. exd5 Nxf4 27. Rxe8+
Bxe8 28. Nxf4 gxf4 29. Qxf4 Rd6 30. c4 b6 31. Be4 a5 32. Rf2 Bd7 33. Re2 Qf6
34. Bf5 Kg7 35. Re5 Bxf5 36. gxf5 Qh6 37. Qg4+ Kf8 38. Kg2 Rf6 39. Re4 Qd2+ 40.
Re2 Qh6 41. Kh2 Qh7 42. Rf2 Qh6 43. Qe4 Qg5 44. Qe5 1-0

[Event "Lichtenrader Herbst"]
[Site "?"]
[Date "2005.10.05"]
[Round "5"]
[White "Wolf, Christian"]
[Black "Issel, Oliver"]
[Result "1/2-1/2"]
[WhiteElo "2087"]
[BlackElo "2171"]
[PlyCount "33"]
[EventDate "2005.??.??"]

1. e4 e6 2. Nf3 d5 3. Nc3 Nf6 4. exd5 exd5 5. d4 Bg4 6. Bg5 Qe7+ 7. Be2 Bxf3 8.
gxf3 c6 9. Qd2 Nbd7 10. O-O-O O-O-O 11. Bd3 Qb4 12. Bf5 Qa4 13. Bxd7+ Rxd7 14.
Bxf6 gxf6 15. Qf4 Bb4 16. Rd3 Re8 17. a3 1/2-1/2

[Event "Lichtenrader Herbst"]
[Site "?"]
[Date "2005.10.05"]
[Round "5"]
[White "Friedrich, Wiede"]
[Black "Jaeschke, Jens-Uwe"]
[Result "0-1"]
[WhiteElo "1967"]
[BlackElo "2164"]
[PlyCount "42"]
[EventDate "2005.??.??"]

1. e4 e6 2. d3 d5 3. Nd2 Nf6 4. g3 Nc6 5. Bg2 dxe4 6. dxe4 e5 7. c3 a5 8. Qc2
Bc5 9. Ngf3 O-O 10. O-O b6 11. Nc4 Qe7 12. Ne3 g6 13. Nd5 Nxd5 14. exd5 Nd8 15.
Re1 f6 16. Bh6 Rf7 17. d6 cxd6 18. Nxe5 fxe5 19. Bxa8 Rxf2 20. Qxf2 Bxf2+ 21.
Kxf2 Qf6+ 0-1

[Event "Lichtenrader Herbst"]
[Site "?"]
[Date "2005.10.05"]
[Round "5"]
[White "Welz, Peter"]
[Black "Trebbin, Wolfhard"]
[Result "1/2-1/2"]
[WhiteElo "2164"]
[BlackElo "2114"]
[PlyCount "118"]
[EventDate "2005.??.??"]

1. e4 c5 2. Nc3 Nc6 3. g3 g6 4. Bg2 Bg7 5. d3 Rb8 6. f4 d6 7. Nf3 e6 8. O-O
Nge7 9. Kh1 O-O 10. g4 f5 11. h3 Nd4 12. Nxd4 cxd4 13. Ne2 Bd7 14. Ng1 Qc7 15.
Rf2 Rbc8 16. Qf3 Bc6 17. Qg3 Kh8 18. Rb1 b6 19. b3 e5 20. Bd2 fxe4 21. dxe4 d5
22. Re1 dxe4 23. Bxe4 Bxe4+ 24. Rxe4 Qxc2 25. Qg2 Qc7 26. Rfe2 Nd5 27. fxe5 Nc3
28. Bxc3 Qxc3 29. e6 d3 30. Rd2 Be5 31. Re3 Bf4 32. Rdxd3 Bxe3 33. Rxc3 Rxc3
34. Qe4 Bh6 35. e7 Re8 36. Nf3 Re3 37. Qd4+ Kg8 38. Ne5 Rxe7 39. Qd5+ Kg7 40.
Nc4 Re1+ 41. Kg2 Be3 42. b4 h6 43. h4 Bg1 44. h5 R7e2+ 45. Kh3 g5 46. Qd7+ Re7
47. Qf5 R1e6 48. Kg2 Bd4 49. Qd5 Bf6 50. Qd3 Re4 51. Kg3 b5 52. Qd5 bxc4 53.
Qf5 Be5+ 54. Kg2 Bf4 55. Qg6+ Kf8 56. Qxh6+ Ke8 57. Qc6+ Kd8 58. Qa8+ Kc7 59.
Qxa7+ Kc8 1/2-1/2

[Event "Lichtenrader Herbst"]
[Site "?"]
[Date "2005.10.05"]
[Round "5"]
[White "Langrock, Hannes"]
[Black "Koerner, Helmut"]
[Result "1-0"]
[WhiteElo "2430"]
[BlackElo "1965"]
[PlyCount "57"]
[EventDate "2005.??.??"]

1. e4 d5 2. exd5 Nf6 3. d4 Nxd5 4. Nf3 Bg4 5. Be2 Nc6 6. c4 Nb6 7. d5 Bxf3 8.
Bxf3 Ne5 9. b3 g6 10. a4 Bg7 11. Ra2 Nxf3+ 12. Qxf3 O-O 13. a5 Nd7 14. O-O Ne5
15. Qe2 c6 16. Bf4 f6 17. Bxe5 fxe5 18. Nc3 Qc7 19. Rd1 Rad8 20. g3 Rf5 21. Ne4
cxd5 22. Rxd5 Rxd5 23. cxd5 Rf8 24. Qc4 Qxc4 25. bxc4 Rf3 26. Rb2 Ra3 27. Rxb7
Rxa5 28. Rxe7 Ra4 29. Rc7 1-0

[Event "Lichtenrader Herbst"]
[Site "?"]
[Date "2005.10.05"]
[Round "5"]
[White "Poppner, Dietmar"]
[Black "Schmarr, Dennis"]
[Result "1-0"]
[WhiteElo "2156"]
[BlackElo "1952"]
[PlyCount "29"]
[EventDate "2005.??.??"]

1. f4 d5 2. Nf3 g6 3. g3 Bg7 4. Bg2 Nf6 5. d3 O-O 6. Nc3 c6 7. O-O Nbd7 8. e3
Re8 9. d4 Nb6 10. Ne5 Bd7 11. a4 a5 12. g4 Qc8 13. g5 Ng4 14. Nxd7 Qxd7 15. h3
1-0

[Event "Lichtenrader Herbst"]
[Site "?"]
[Date "2005.10.05"]
[Round "5"]
[White "Schueler, Wolfgang"]
[Black "Binder, Thomas"]
[Result "0-1"]
[WhiteElo "2072"]
[BlackElo "1740"]
[PlyCount "60"]
[EventDate "2005.??.??"]

1. e4 d5 2. exd5 Nf6 3. c4 c6 4. d4 cxd5 5. Nc3 Nc6 6. Nf3 Bf5 7. Be3 e6 8. c5
Be7 9. Bb5 O-O 10. O-O Qc7 11. Qa4 Ng4 12. Bxc6 bxc6 13. h3 Nxe3 14. fxe3 Rab8
15. b4 Qg3 16. Ne2 Qc7 17. Ne5 Bg5 18. Nf4 Rb5 19. g4 Be4 20. a3 Bxf4 21. Rxf4
f6 22. Raf1 Re8 23. Nf3 g5 24. Rxf6 Qg3+ 25. Kh1 Qxh3+ 26. Kg1 Qg3+ 27. Kh1 Kg7
28. Qxa7+ Kxf6 29. Qxh7 Bxh7 30. Ne5+ Kg7 0-1

[Event "Lichtenrader Herbst"]
[Site "?"]
[Date "2005.10.05"]
[Round "5"]
[White "Moehring, Guenther"]
[Black "Mueller, Peter"]
[Result "1-0"]
[WhiteElo "2308"]
[BlackElo "1874"]
[PlyCount "139"]
[EventDate "2005.??.??"]

1. Nf3 d6 2. d4 Nf6 3. g3 g6 4. b3 Bg7 5. Bb2 O-O 6. Bg2 Nbd7 7. O-O c5 8. c4
Rb8 9. Nc3 a6 10. a4 cxd4 11. Nxd4 Nc5 12. a5 e5 13. Nf3 b6 14. b4 Ne6 15. Ba3
e4 16. Nd4 Nxd4 17. Qxd4 Ng4 18. Qd2 Re8 19. axb6 Rxb6 20. Nd5 Bxa1 21. Rxa1
Bb7 22. Nxb6 Qxb6 23. c5 dxc5 24. bxc5 Qf6 25. Rf1 Qe6 26. Qb4 Bc6 27. Bb2 f6
28. h3 Nh6 29. Rd1 Nf7 30. Qb6 Bb5 31. Bxf6 Bxe2 32. Re1 Bd3 33. Ba1 Qxb6 34.
cxb6 Nd6 35. Bf1 Rb8 36. Bd4 Nc4 37. Rxe4 Bxf1 38. Re7 Bxh3 39. b7 Nd6 40. Rg7+
Kf8 41. Rxh7 Rxb7 42. Rxh3 Rb1+ 43. Kg2 Kf7 44. Rh7+ Ke6 45. Ra7 Rb4 46. Bc5
Ra4 47. Bxd6 Kxd6 48. Rg7 Ra1 49. Rxg6+ Ke7 50. f4 a5 51. f5 a4 52. Ra6 a3 53.
Kf3 a2 54. Kg4 Kf7 55. Kg5 Rg1 56. Ra7+ Kf8 57. Rxa2 Rxg3+ 58. Kf6 Kg8 59. Ra8+
Kh7 60. Re8 Rg7 61. Ke6 Rg2 62. f6 Re2+ 63. Kf7 Rf2 64. Re1 Rh2 65. Rg1 Kh8 66.
Kf8 Rh3 67. f7 Kh7 68. Re1 Ra3 69. Rh1+ Kg6 70. Kg8 1-0

[Event "Lichtenrader Herbst"]
[Site "?"]
[Date "2005.01.01"]
[Round "6"]
[White "Geller, Jakov"]
[Black "Rabiega, Robert"]
[Result "1/2-1/2"]
[WhiteElo "2469"]
[BlackElo "2501"]
[PlyCount "32"]
[EventDate "2000.??.??"]

1. e4 e5 2. Nf3 Nc6 3. Bb5 a6 4. Ba4 Nf6 5. O-O Be7 6. Re1 b5 7. Bb3 d6 8. c3
O-O 9. h3 Na5 10. Bc2 c5 11. d4 cxd4 12. cxd4 Bb7 13. d5 Rc8 14. b3 Qc7 15. Bd3
Nh5 16. Na3 Nf4 1/2-1/2

[Event "Lichtenrader Herbst"]
[Site "?"]
[Date "2005.01.01"]
[Round "6"]
[White "Jaeschke, Jens-Uwe"]
[Black "Teschke, Olaf"]
[Result "0-1"]
[WhiteElo "2164"]
[BlackElo "2236"]
[PlyCount "108"]
[EventDate "2000.??.??"]

1. c4 e6 2. Nc3 d5 3. d4 Nf6 4. cxd5 exd5 5. Bg5 Be7 6. e3 O-O 7. Qc2 Nbd7 8.
Bd3 Re8 9. Nf3 Nf8 10. O-O c6 11. Rae1 Be6 12. Ne5 N6d7 13. Bxe7 Rxe7 14. f4 f6
15. Nxd7 Qxd7 16. f5 Bf7 17. Rf3 b6 18. Qf2 c5 19. g4 c4 20. Bc2 b5 21. Kh1 Kh8
22. Rg1 b4 23. Ne2 b3 24. axb3 cxb3 25. Bd3 Qd6 26. Nf4 a5 27. Qh4 a4 28. g5
fxg5 29. Qxg5 Qf6 30. Qg4 Rc7 31. Ng6+ Kg8 32. Ne5 a3 33. bxa3 b2 34. Qg2 Rb8
35. Rg3 Bh5 36. Qxd5+ Kh8 37. Bb1 h6 38. Ba2 Nh7 39. Ng6+ Bxg6 40. Rxg6 Qf8 41.
Qe5 Re7 42. Qf4 Nf6 43. R6g2 Nd5 44. Qd6 Rd8 45. Qc5 Nxe3 46. Rxb2 Rc8 47. Qd6
Qxf5 48. Qxe7 Qf3+ 49. Rbg2 Nxg2 50. Bd5 Qxd5 51. h4 Ne3+ 52. Kh2 Rc2+ 53. Kh3
Qf3+ 54. Rg3 Qh1# 0-1

[Event "Lichtenrader Herbst"]
[Site "?"]
[Date "2005.01.01"]
[Round "6"]
[White "Meister, Yakov"]
[Black "Salzberg, Gregor"]
[Result "1-0"]
[WhiteElo "2490"]
[BlackElo "2101"]
[PlyCount "87"]
[EventDate "2000.??.??"]

1. c4 e6 2. Nf3 f5 3. g3 Nf6 4. Bg2 d5 5. d3 c6 6. Nbd2 Be7 7. Rb1 O-O 8. b4
Re8 9. b5 Bf8 10. bxc6 Nxc6 11. O-O b6 12. cxd5 exd5 13. Bb2 Bb7 14. Nb3 Rc8
15. Nbd4 Nxd4 16. Bxd4 Bc5 17. Qd2 Qe7 18. e3 Ba3 19. Ba1 Bd6 20. a4 Ba6 21.
Rfd1 Rf8 22. Qa2 Kh8 23. Nd4 Qd7 24. Bh3 Ng4 25. Bg2 Nf6 26. Ne2 Rc5 27. Be5
Rfc8 28. Bxf6 gxf6 29. Qa1 Kg7 30. Qd4 Be5 31. Qh4 Ra5 32. Rb4 Rc2 33. Nf4 Bxf4
34. Rxf4 Ra2 35. Bh3 R2xa4 36. Bxf5 Qxf5 37. Rxf5 Rxh4 38. gxh4 Bc8 39. Rf4 Kg6
40. Rc1 Bh3 41. Rf3 Bf5 42. h5+ Kg5 43. h4+ Kg4 44. Rf4+ 1-0